|
|
|
|
| LEADER |
00000nam0a2200000 4500 |
| 001 |
21510 |
| 005 |
20231101205432.0 |
| 010 |
|
|
|a 5864611506
|
| 035 |
|
|
|a (RuTPU)RU\TPU\book\21712
|
| 035 |
|
|
|a BOOK00006405
|
| 090 |
|
|
|a 21510
|
| 100 |
|
|
|a 20011209d1994 m y0rusy50 ca
|
| 101 |
0 |
|
|a rus
|
| 102 |
|
|
|a RU
|
| 105 |
|
|
|a y j 000zy
|
| 200 |
1 |
|
|a Практическая грамматика английского языка
|f К. Н. Качалова, Е. Е. Израилевич
|
| 205 |
|
|
|a 8-е изд., перераб. и доп.
|
| 210 |
|
|
|a Москва
|c Дело Лтд
|c Стрикс
|d 1994
|
| 215 |
|
|
|a 720 с.
|
| 421 |
|
1 |
|0 (RuTPU)RU\TPU\book\21589
|y 5-86461-149-2
|t Справочник-ключ к учебнику "Практическая грамматика английского языка"
|f К. Н. Качалова
|c Москва
|n Дело Лтд
|d 1994
|p 159 с.
|a Качалова, Ксения Николаевна
|
| 606 |
1 |
|
|a Английский язык
|x Учебные руководства и пособия для высшей школы
|x Пособия по грамматике
|2 stltpush
|3 (RuTPU)RU\TPU\subj\29073
|9 52485
|
| 610 |
1 |
|
|a учебные пособия
|
| 610 |
1 |
|
|a грамматика
|
| 686 |
|
|
|a Ш143.21-923.2
|v LBC/SL-A
|2 rubbk
|
| 700 |
|
1 |
|a Качалова
|b К. Н.
|g Ксения Николаевна
|
| 701 |
|
1 |
|a Израилевич
|b Е. Е.
|g Ерухим Евелевич
|
| 801 |
|
0 |
|a RU
|b 63413507
|c 20011209
|g PSBO
|
| 801 |
|
2 |
|a RU
|b 63413507
|c 20170324
|g PSBO
|
| 942 |
|
|
|c BK
|